[Event "HUN-chT2 Toth 1011"]
[Site "Hungary"]
[Date "2011.03.27"]
[Round "7.4"]
[White "Abel, Imre"]
[Black "Lovas, Daniel"]
[Result "0-1"]
[WhiteElo "2066"]
[BlackElo "2114"]
[PlyCount "50"]
[EventDate "2010.09.12"]
[EventType "team-tourn"]
[EventRounds "11"]
[EventCountry "HUN"]
[SourceTitle "EXT 2012"]
[Source "ChessBase"]
[SourceDate "2011.11.24"]
[SourceVersion "1"]
[SourceVersionDate "2011.11.24"]
[SourceQuality "1"]
[WhiteTeam "Abony"]
[BlackTeam "Takisz"]
[WhiteTeamCountry "HUN"]
[BlackTeamCountry "HUN"]

1. e4 g6 2. g3 Bg7 3. Bg2 d6 4. d4 Nd7 5. Be3 e5 6. c3 c5 7. d5 Ngf6 8. Nd2 0-0 9. g4 b5 10. h4 Nb6 11. Bf3 Qd7 12. g5 Ng4 13. Bxg4 Qxg4 14. Qxg4 Bxg4 15. f3 Bd7 16. h5 Na4 17. 0-0-0 c4 18. Ne2 Rfc8 19. Rdf1 a5 20. Rh4 b4 21. hxg6 hxg6 22. Rg1 Rab8 23. f4 bxc3 24. bxc3 Nb2 25. Kb1 Nd1+ 0-1

[Event "HUN-chT2 Toth 0910"]
[Site "Hungary"]
[Date "2010.02.28"]
[Round "7.5"]
[White "Abel, Imre"]
[Black "Joo, Janos"]
[Result "1-0"]
[WhiteElo "2015"]
[BlackElo "2089"]
[PlyCount "77"]
[EventDate "2009.11.08"]
[EventType "team-tourn"]
[EventRounds "11"]
[EventCountry "HUN"]
[SourceTitle "EXT 2011"]
[Source "ChessBase"]
[SourceDate "2010.11.26"]
[SourceVersion "1"]
[SourceVersionDate "2010.11.26"]
[SourceQuality "1"]
[WhiteTeam "Abony"]
[BlackTeam "Mako II"]
[WhiteTeamCountry "HUN"]
[BlackTeamCountry "HUN"]

1. e4 c5 2. f4 d5 3. exd5 Nf6 4. Bb5+ Bd7 5. Bxd7+ Qxd7 6. c4 b5 7. d3 Qf5 8. Nc3 a6 9. Qe2 Nbd7 10. Ne4 Nxe4 11. dxe4 Qg6 12. b3 bxc4 13. bxc4 Rb8 14. Nf3 Qb6 15. 0-0 g6 16. e5 Bg7 17. Bd2 0-0 18. Bc3 a5 19. Qd2 Qa6 20. Qd3 Nb6 21. Nd2 Rbd8 22. Rf3 Na4 23. Rb1 Rb8 24. Ba1 Rb4 25. a3 Rb6 26. Qc2 Rfb8 27. Rb5 Rxb5 28. cxb5 Qb7 29. Qxa4 Qxd5 30. Qxa5 c4 31. a4 Ra8 32. Qb4 Rc8 33. Bc3 e6 34. Qd6 Qb7 35. Qd4 Bf8 36. Ne4 Qa8 37. Nd6 Rd8 38. a5 f5 39. Qxc4 1-0

[Event "HUN-chT2 Toth 0910"]
[Site "Hungary"]
[Date "2009.12.20"]
[Round "4.5"]
[White "Abel, Imre"]
[Black "Kemeny, Csaba"]
[Result "0-1"]
[WhiteElo "2015"]
[BlackElo "2050"]
[PlyCount "56"]
[EventDate "2009.11.08"]
[EventType "team-tourn"]
[EventRounds "11"]
[EventCountry "HUN"]
[SourceTitle "EXT 2011"]
[Source "ChessBase"]
[SourceDate "2010.11.26"]
[SourceVersion "1"]
[SourceVersionDate "2010.11.26"]
[SourceQuality "1"]
[WhiteTeam "Abony"]
[BlackTeam "Kkfhazi Honved"]
[WhiteTeamCountry "HUN"]
[BlackTeamCountry "HUN"]

1. e4 c5 2. f4 d5 3. exd5 Qxd5 4. Nc3 Qd8 5. Nf3 Nf6 6. Ne5 e6 7. b3 Be7 8. Bb2 0-0 9. Qf3 Nbd7 10. Bd3 a6 11. 0-0-0 Qc7 12. Rde1 b5 13. Qh3 g6 14. Ne4 Nxe4 15. Bxe4 Bb7 16. Bxg6 Nf6 17. Bxf7+ Rxf7 18. Nxf7 Rf8 19. Ng5 Bd5 20. Nxe6 Bxe6 21. Qxe6+ Rf7 22. Re5 c4 23. Rg5+ Kf8 24. Re1 Qxf4 25. Bxf6 Qxf6 26. Qc8+ Bd8 27. Qc5+ Be7 28. Qxe7+ Rxe7 0-1

[Event "HUN-chT2 Toth 0910"]
[Site "Hungary"]
[Date "2009.11.22"]
[Round "2.5"]
[White "Abel, Imre"]
[Black "Egyed, Zsolt"]
[Result "0-1"]
[WhiteElo "2015"]
[BlackElo "2087"]
[PlyCount "180"]
[EventDate "2009.11.08"]
[EventType "team-tourn"]
[EventRounds "11"]
[EventCountry "HUN"]
[SourceTitle "EXT 2011"]
[Source "ChessBase"]
[SourceDate "2010.11.26"]
[SourceVersion "1"]
[SourceVersionDate "2010.11.26"]
[SourceQuality "1"]
[WhiteTeam "Abony"]
[BlackTeam "Karcag"]
[WhiteTeamCountry "HUN"]
[BlackTeamCountry "HUN"]

1. e4 d6 2. d4 g6 3. f4 Bg7 4. Nf3 Nd7 5. Bc4 c5 6. Bxf7+ Kxf7 7. Ng5+ Ke8 8. Ne6 Qb6 9. Nxg7+ Kf7 10. Nh5 gxh5 11. Qxh5+ Kf8 12. e5 Qb4+ 13. c3 Qc4 14. Nd2 Qf7 15. Qe2 Nb6 16. dxc5 dxc5 17. Ne4 c4 18. a4 Bf5 19. a5 Nd7 20. 0-0 Qg6 21. Nf2 Nh6 22. Qxc4 Rg8 23. g3 Ng4 24. Nxg4 Qxg4 25. Be3 h5 26. Qd4 h4 27. Bf2 Qh3 28. Qd5 Nc5 29. Qg2 Nd3 30. Qxh3 Bxh3 31. Rfd1 Nxf4 32. Rd2 Nh5 33. Rd4 hxg3 34. hxg3 Nxg3 35. Kh2 Nf5 36. Kxh3 Nxd4 37. Bxd4 Kf7 38. Rf1+ Ke6 39. Rf4 Rg6 40. Rh4 a6 41. b4 Rag8 42. Rh7 Kf5 43. Rf7+ Ke4 44. Rh7 e6 45. Kh2 R8g7 46. Rh4+ Rg4 47. Rh3 Kf5 48. Rf3+ Kg6 49. Rf6+ Kh5 50. Bf2 R7g5 51. Rf7 Kg6 52. Rf6+ Kg7 53. Kh3 Rg6 54. Rxe6 R4g5 55. Rxg6+ Kxg6 56. Bd4 Kf5 57. Kh4 Rg8 58. Kh3 Kf4 59. Kh2 Rg6 60. Kh3 Kf5 61. Kh4 Kf4 62. Kh3 Ke4 63. Kh4 Kd5 64. Kh5 Rg2 65. Kh4 Ke6 66. Kh5 Rg8 67. Kh4 Kf5 68. Kh3 Kf4 69. Kh2 Kf3 70. Bc5 Rg2+ 71. Kh3 Rg5 72. Kh4 Rxe5 73. Bb6 Rf5 74. Ba7 Ke4 75. c4 Kd3 76. Kg4 Rf7 77. b5 axb5 78. cxb5 Kc4 79. b6 Kb5 80. Bb8 Kxa5 81. Bc7 Rf6 82. Bd8 Rxb6 83. Kf4 Kb5 84. Bxb6 Kxb6 85. Ke4 Kc5 86. Kd3 Kb4 87. Kc2 Ka3 88. Kb1 b5 89. Kc2 b4 90. Kb1 Kb3 0-1

[Event "HUN-chT2 Toth 0708"]
[Site "Hungary"]
[Date "2008.02.17"]
[Round "6"]
[White "Abel, Imre"]
[Black "Radics, Laszlo"]
[Result "1-0"]
[WhiteElo "2014"]
[BlackElo "2069"]
[PlyCount "65"]
[EventDate "2007.10.14"]
[EventType "team"]
[EventRounds "11"]
[EventCountry "HUN"]
[SourceTitle "EXT 2009"]
[Source "ChessBase"]
[SourceDate "2008.11.26"]
[SourceVersion "1"]
[SourceVersionDate "2008.11.26"]
[SourceQuality "1"]
[WhiteTeam "Karcag"]
[BlackTeam "Mezobereny"]
[WhiteTeamCountry "HUN"]
[BlackTeamCountry "HUN"]

1. e4 c5 2. Nf3 Nc6 3. d4 cxd4 4. Nxd4 e5 5. Nb5 d6 6. N1c3 a6 7. Na3 Be6 8. Bc4 Nf6 9. Bg5 Be7 10. Bxf6 Bxf6 11. Nd5 Bxd5 12. Bxd5 Qc7 13. Nc4 Rd8 14. Qd2 b5 15. Ne3 Bg5 16. 0-0-0 Ne7 17. Bb3 0-0 18. h4 Bh6 19. g4 Bf4 20. Kb1 Qc5 21. Rh3 Rd7 22. Qa5 Bxe3 23. Rxe3 Ra7 24. Qd2 Rd8 25. Rd3 Nc8 26. Rd5 Qc7 27. Rxe5 g6 28. Rd5 Qe7 29. Qd4 Re8 30. h5 Qxe4 31. hxg6 Qxg6 32. f4 Re4 33. Qc3 1-0

[Event "HUN-chT2 Toth 0708"]
[Site "Hungary"]
[Date "2007.11.25"]
[Round "3"]
[White "Andor, Laszlo"]
[Black "Abel, Imre"]
[Result "0-1"]
[WhiteElo "2176"]
[BlackElo "2031"]
[PlyCount "104"]
[EventDate "2007.10.14"]
[EventType "team"]
[EventRounds "11"]
[EventCountry "HUN"]
[SourceTitle "EXT 2009"]
[Source "ChessBase"]
[SourceDate "2008.11.26"]
[SourceVersion "1"]
[SourceVersionDate "2008.11.26"]
[SourceQuality "1"]
[WhiteTeam "Bekes"]
[BlackTeam "Karcag"]
[WhiteTeamCountry "HUN"]
[BlackTeamCountry "HUN"]

1. c4 c6 2. d4 d5 3. Nc3 e6 4. Nf3 f5 5. Bf4 Nf6 6. e3 Nbd7 7. Be2 Be7 8. 0-0 Ne4 9. Ne5 0-0 10. Nxd7 Bxd7 11. f3 Nf6 12. Qc2 Kh8 13. Rab1 Nh5 14. Be5 Bf6 15. f4 Bxe5 16. dxe5 g6 17. Bxh5 gxh5 18. Ne2 Rg8 19. b4 a6 20. Nd4 Rg7 21. cxd5 cxd5 22. Qe2 Qe8 23. Rfc1 Qg6 24. Rb2 Ba4 25. Qf2 h6 26. Rc5 Rag8 27. Kf1 Qg4 28. Rc1 Qg6 29. Qh4 Rf8 30. Rc5 Kh7 31. Rc1 Qe8 32. Qe1 Rfg8 33. Rc5 Qg6 34. Qf2 Rf8 35. Qe1 Rfg8 36. Qh4 Rf8 37. Qe1 Rfg8 38. Qf2 Rf8 39. Qf3 Qe8 40. Ra5 Rc7 41. Kf2 Bb5 42. Nxb5 axb5 43. Qe2 Rc4 44. Qd1 Qc6 45. a4 d4 46. Qe2 Qe4 47. Rd2 Rg8 48. g3 Qh1 49. exd4 Qxh2+ 50. Kf1 Rc1+ 51. Rd1 Rxd1+ 52. Qxd1 Rxg3 0-1

[Event "HUN-chT2 Barcza 0203"]
[Site "Hungary"]
[Date "2002.10.13"]
[Round "2"]
[White "Suhajda, Sandor"]
[Black "Abel, Imre"]
[Result "1/2-1/2"]
[WhiteElo "1868"]
[BlackElo "2030"]
[PlyCount "80"]
[EventDate "2002.09.22"]
[EventType "team"]
[EventRounds "11"]
[EventCountry "HUN"]
[SourceTitle "EXT 2009"]
[Source "ChessBase"]
[SourceDate "2008.11.26"]
[SourceVersion "1"]
[SourceVersionDate "2008.11.26"]
[SourceQuality "1"]

1. e4 e5 2. Nf3 Nc6 3. Bb5 a6 4. Ba4 Nf6 5. d3 b5 6. Bb3 Be7 7. 0-0 d6 8. a4 Bg4 9. c3 0-0 10. Bg5 h6 11. Bh4 Qd7 12. Nbd2 Rfe8 13. Ba2 Rab8 14. h3 Be6 15. axb5 axb5 16. Bxe6 Qxe6 17. Ra6 Qd7 18. b4 Ra8 19. Qa1 Qc8 20. Rxa8 Qxa8 21. Qb2 Qb7 22. Ra1 Ra8 23. Nb3 Ra6 24. Na5 Qa8 25. Qa3 Bd8 26. c4 bxc4 27. dxc4 g5 28. Bg3 Nxa5 29. bxa5 Nxe4 30. h4 g4 31. Nh2 h5 32. Qe3 Nf6 33. Qg5+ Kf8 34. Qh6+ Ke7 35. Qd2 Qc6 36. Qb4 Ne4 37. Bxe5 Qc5 38. Qxc5 Nxc5 39. Bc3 c6 40. Nf1 Kd7 1/2-1/2